<?xml version="1.0" encoding="UTF-8"?>
<collection xmlns="http://www.loc.gov/MARC21/slim">
 <record>
  <leader>02021nam a2200241 a 4500</leader>
  <controlfield tag="001">1/47050</controlfield>
  <controlfield tag="008">170316s1929    gr            000 0 gre d</controlfield>
  <datafield tag="035" ind1=" " ind2=" ">
   <subfield code="l">50029</subfield>
  </datafield>
  <datafield tag="040" ind1=" " ind2=" ">
   <subfield code="a">GR-PeUP</subfield>
  </datafield>
  <datafield tag="090" ind1=" " ind2=" ">
   <subfield code="a">352.049 5 ΚΑΣ</subfield>
  </datafield>
  <datafield tag="100" ind1="1" ind2=" ">
   <subfield code="a">Κασίμης, Γεώργιος Π.</subfield>
  </datafield>
  <datafield tag="245" ind1="1" ind2="3">
   <subfield code="a">Τα καθήκοντα των δημοτικών και κοινοτικών αρχών : δημάρχων, προέδρων και μελών δημοτικών και κοινοτικών συμβουλίων, δημοτικών και κοινοτικών υπαλλήλων :</subfield>
   <subfield code="b">υποδείγματα, οδηγίαι, πίνακες, τυπικόν /</subfield>
   <subfield code="c">Γεωργίου Π. Κασίμη ; επιμέλεια Ι. Σαλέπουλα.</subfield>
  </datafield>
  <datafield tag="260" ind1=" " ind2=" ">
   <subfield code="a">Αθήναι :</subfield>
   <subfield code="b">Κ. Θ. Ζάκας,</subfield>
   <subfield code="c">1929.</subfield>
  </datafield>
  <datafield tag="300" ind1=" " ind2=" ">
   <subfield code="a">769 σ. :</subfield>
   <subfield code="c">24 εκ.</subfield>
  </datafield>
  <datafield tag="505" ind1="0" ind2=" ">
   <subfield code="a">Περιεχόμενα: Α. Υγειονομική νομοθεσία.-- Β. Γεωργική νομοθεσία.-- Γ. Αγροτ. Ασφάλειας νομοθεσία.-- Δ. Εργατική νομοθεσία.-- Ε. Φορολογική νομοθεσία.-- ΣΤ. Δασική νομοθεσία.-- Ζ. Ταμιακή νομοθεσία.-- Η. Στρατολογική νομοθεσία.-- Θ. Εκλογική νομοθεσία.-- Ι. Συγκοινωνιακή νομοθεσία.-- ΙΑ. Ειδικά νομοθετήματα.-- ΙΒ. Τυπικόν.</subfield>
  </datafield>
  <datafield tag="505" ind1="0" ind2=" ">
   <subfield code="a">Περιέχει νομολογία.</subfield>
  </datafield>
  <datafield tag="610" ind1="2" ind2="4">
   <subfield code="a">Τοπική αυτοδιοίκηση.</subfield>
  </datafield>
  <datafield tag="650" ind1=" " ind2="4">
   <subfield code="a">Local officials and employees</subfield>
   <subfield code="z">Greece.</subfield>
  </datafield>
  <datafield tag="650" ind1=" " ind2="4">
   <subfield code="a">Local government</subfield>
   <subfield code="x">Law and legislation</subfield>
   <subfield code="z">Greece.</subfield>
  </datafield>
  <datafield tag="650" ind1=" " ind2="4">
   <subfield code="a">Δημόσιοι υπάλληλοι</subfield>
   <subfield code="z">Ελλάδα.</subfield>
  </datafield>
  <datafield tag="650" ind1=" " ind2="4">
   <subfield code="a">Δημοτικοί υπάλληλοι</subfield>
   <subfield code="x">Δίκαιο και νομοθεσία</subfield>
   <subfield code="z">Ελλάδα.</subfield>
  </datafield>
  <datafield tag="700" ind1="1" ind2=" ">
   <subfield code="a">Σαλέπουλας, Ι.</subfield>
  </datafield>
  <datafield tag="852" ind1=" " ind2=" ">
   <subfield code="a">INST</subfield>
   <subfield code="b">UNIPILB</subfield>
   <subfield code="c">MAIN</subfield>
   <subfield code="e">20170316</subfield>
   <subfield code="h">352.049 5 ΚΑΣ</subfield>
   <subfield code="p">00173987</subfield>
   <subfield code="q">00173987</subfield>
   <subfield code="t">CLOCOL</subfield>
   <subfield code="y">23</subfield>
   <subfield code="4">1</subfield>
  </datafield>
 </record>
</collection>
